00686nam a2200193 i 450000100060000000300090000600500170001500700030003200800410003510000280007624501160010425000120022026000330023230000220026570000340028785200320032199900170035395201220037030853ES-MaACL20260203063028.0t|030127s1979 sp ||||1| cat d1 aBartra, Agustí92618513aEl gos geomètrico seguit de la fulla que tremola / cAgustí Bartra ; entrevista-práoleg de Feliu Formosa. a1ª ed. aBarcelona : bLaia, c[1979] a147 p. ; c20 cm.1 aFormosa, Feliu,d1934-951759 aES-MaACLjA-10035 bR.99049 c30853d30853 00104070aATENEOMbATENEOMcDEPO1d2008-01-17eSCl0oA-10035p1031869r2023-02-23 00:00:00w2023-02-23yMONOGRAFIA